Management integrace tvrdých a měkkých prvků řízení

Gespeichert in:
Bibliographische Detailangaben
1. Verfasser: Duchoň, Bedřich
Weitere Verfasser: Šafránková, Jana
Format: Buch
Sprache:Tschechisch
Veröffentlicht: Praha C. H. Beck 2008
Schriftenreihe:Beckovy ekonomické učebnice
Schlagworte:
Tags: Tag hinzufügen
Keine Tags, Fügen Sie das erste Tag hinzu!

MARC

LEADER 00000nam$a2200000$$$4500
001 0111829
005 20240226134150.3
020 |a 978-80-7400-003-4 
041 0 |a cze 
044 |a CZ 
245 1 0 |a Management  |b integrace tvrdých a měkkých prvků řízení  |c Bedřich Duchoň, Jana Šafránková 
264 1 |a Praha  |b C. H. Beck  |c 2008 
300 |a 378 s. 
490 1 |a Beckovy ekonomické učebnice 
830 0 |a Beckovy ekonomické učebnice 
610 2 0 |a manažment 
610 2 0 |a vývoj 
610 2 0 |a riadenie podnikové 
610 2 0 |a rozhodovanie 
610 2 0 |a štruktúra organizačná 
610 2 0 |a komunikácia 
100 1 |a Duchoň, Bedřich 
700 1 |a Šafránková, Jana